بروتوكولات حكماء صهيون / (رقم التسجيلة. 139405)

تفاصيل مارك
000 -الفاتح
عناصر البيانات ثابتة الطول 00718cam a2200205 i 4500
005 - تاريخ ووقت آخر معاملة
حقل ضبط 20260120105304.0
008 - عناصر البيانات ثابتة الطول
عناصر البيانات ثابتة الطول 250721s2003 ua gr 000 0 ara d
082 14 - رقم تصنيف ديوي العشري
رقم التصنيف 296.6
رقم المادة س ق ا
100 1# - مدخل رئيسي – اسم شخصي
الاسم الشخصي السقا، احمد
علاقة الشخص بالعمل/ دوره مؤلف.
245 10 - بيان العنوان
العنوان بروتوكولات حكماء صهيون /
بيان المسؤولية الدكتور أحمد حجازي السقا، هشام خضر.
250 ## - بيان الطبعة
بيان الطبعة الطبعة الأولى.
264 31 - بيانات النشر، التوزيع…إلخ
مكان النشر، التوزيع...إلخ الجيزة :
اسم الناشر، الموزع...إلخ مكتبة النافذة،
تاريخ النشر، التوزيع...إلخ 2003.
300 ## - الوصف المادي
عدد الوحدات المكونة للوعاء 264 صفحة.
650 17 - مدخل إضافي بالموضوع - مصطلح موضوعي
مصطلح موضوعي أو اسم جغرافي كعنصر مدخل اليهودية.
650 17 - مدخل إضافي بالموضوع - مصطلح موضوعي
مصطلح موضوعي أو اسم جغرافي كعنصر مدخل الصهيونية.
650 17 - مدخل إضافي بالموضوع - مصطلح موضوعي
مصطلح موضوعي أو اسم جغرافي كعنصر مدخل البروتوكولات.
700 1# - مدخل إضافي - اسم شخصي
الاسم الشخصي خضر، هشام
علاقة الشخص بالعمل/ دوره مؤلف.
942 ## - بيانات إضافية (كوها)
نوع التنصيف Dewey Decimal Classification
نوع المادة (كوها) كتب
المقتنيات
حالة السحب حالة الفقدان مصدر التصنيف حالة التلف غير قابل للإعارة المكتبة الرئيسية المكتبة الحالية موقع الرف تاريخ التزويد الرقم المتسلسل Total Checkouts رقم الإستدعاء الباركود تاريخ آخر ظهور تاريخ الفاتورة نوع المادة (كوها)
    Dewey Decimal Classification     المكتبة المركزية المكتبة المركزية الإعارة 28/07/2025 1699919   296.6 / س ق ا PLD00443478 28/07/2025 28/07/2025 كتب
    Dewey Decimal Classification     مكتبة أبو علندا العامة مكتبة أبو علندا العامة الإعارة 11/02/2019 1699920   296.6/سقا PLD00444430 28/07/2025 11/02/2019 كتب
Implemented & Customized by: BBB with SCIT (Smart Chains for Information Technology)

Powered by Koha